000 00298nam a22001337a 4500
008 170529b xxu||||| |||| 00| 0 eng d
020 _a047108543X
041 _aeng
080 _a621.3
100 _a26
101 _aIM
245 _aTHE WAVE ENERGY CONVERSION
_cMCCORMICK, M.E
942 _2udc
_cBK
999 _c14891
_d14891